Counties of Nevada - Statistics

General Stats
  • This quiz has been taken 46 times
  • The average score is 13 of 17
Answer Stats
Answer % Correct
Elko
100%
Carson City
87%
Clark
87%
Nye
87%
Washoe
87%
White Pine
80%
Churchill
73%
Esmeralda
73%
Eureka
73%
Lincoln
73%
Mineral
73%
Humboldt
67%
Lander
67%
Lyon
67%
Pershing
67%
Storey
67%
Douglass
27%
No matching quizzes found
Score Distribution
Percent of People with Each Score
Percentile by Number Answered
Your Score History
You have not taken this quiz